[Event "22ème Open de Saint-Affrique"]
[Site "Saint Affrique (12)"]
[Date "2014.07.19"]
[Round "1.1"]
[White "Degraeve, Jean-Marc"]
[Black "Criticos, Kris"]
[Result "1-0"]
[WhiteElo "2579"]
[BlackElo "1656"]
[PlyCount "53"]
[EventDate "2014.??.??"]
[Source "Sylvain Rivier"]
[SourceDate "2014.07.26"]

1. e4 Nf6 2. e5 Nd5 3. c4 Nb6 4. c5 Nd5 5. Nc3 Nxc3 6. dxc3 Nc6 7. Nf3 d6 8.
cxd6 exd6 9. Bf4 Bg4 10. Bb5 a6 11. Bxc6+ bxc6 12. h3 Bh5 13. g4 Bg6 14. Qa4
Qd7 15. O-O-O Be7 16. exd6 cxd6 17. Ne5 Qb7 18. Nxc6 O-O 19. Nxe7+ Qxe7 20.
Bxd6 Qf6 21. Bxf8 Qxf2 22. Rhe1 Rxf8 23. Re8 a5 24. Rxf8+ Kxf8 25. Rd8+ Ke7 26.
Rd7+ Kf8 27. Qa3+ 1-0

[Event "22ème Open de Saint-Affrique"]
[Site "Saint Affrique (12)"]
[Date "2014.07.19"]
[Round "1.2"]
[White "Guerzeder, Thomas"]
[Black "Libiszewski, Fabien"]
[Result "0-1"]
[WhiteElo "1652"]
[BlackElo "2523"]
[PlyCount "52"]
[EventDate "2014.??.??"]
[Source "Sylvain Rivier"]
[SourceDate "2014.07.26"]

1. d4 g6 2. c4 Bg7 3. Nc3 Nf6 4. e4 d6 5. Nge2 Nbd7 6. Ng3 h5 7. Be2 h4 8. Nf1
e5 9. d5 Nc5 10. Qc2 a5 11. Be3 Ncxe4 12. Nxe4 Nxe4 13. O-O-O f5 14. Nd2 Nc5
15. Nb3 b6 16. f4 a4 17. Nxc5 bxc5 18. fxe5 Bxe5 19. Bd3 Rb8 20. b3 axb3 21.
axb3 Bd7 22. Rhe1 O-O 23. Bxc5 Bxh2 24. Bd4 Bf4+ 25. Kb1 Ba4 26. Qe2 Re8 0-1

[Event "22ème Open de Saint-Affrique"]
[Site "Saint Affrique (12)"]
[Date "2014.07.19"]
[Round "1.3"]
[White "Flear, Glenn C"]
[Black "Boulier, Rene"]
[Result "1-0"]
[WhiteElo "2464"]
[BlackElo "1651"]
[PlyCount "57"]
[EventDate "2014.??.??"]
[Source "Sylvain Rivier"]
[SourceDate "2014.07.26"]

1. d4 Nf6 2. c4 c5 3. d5 b5 4. cxb5 a6 5. bxa6 Bxa6 6. Nc3 g6 7. e4 Bxf1 8.
Kxf1 d6 9. Nf3 Nbd7 10. g3 Bg7 11. Kg2 Ng4 12. Qe2 O-O 13. Nd2 Ngf6 14. a4 Qb6
15. Nb5 Rfb8 16. Nc4 Qb7 17. Bd2 Ne8 18. Na5 Rxa5 19. Bxa5 Qa6 20. Bc3 f6 21.
Rhe1 Nb6 22. b3 c4 23. Nd4 Ra8 24. a5 Nd7 25. Qxc4 Qxc4 26. bxc4 Ne5 27. a6
Nxc4 28. a7 f5 29. Reb1 1-0

[Event "22ème Open de Saint-Affrique"]
[Site "Saint Affrique (12)"]
[Date "2014.07.19"]
[Round "1.5"]
[White "Mullon, Jean-Baptiste"]
[Black "Libiszewski, Christian"]
[Result "1-0"]
[WhiteElo "2436"]
[BlackElo "1640"]
[PlyCount "47"]
[EventDate "2014.??.??"]
[Source "Sylvain Rivier"]
[SourceDate "2014.07.26"]

1. e4 e6 2. d4 d5 3. Nd2 Nf6 4. Bd3 c5 5. e5 Nfd7 6. c3 Nc6 7. Ngf3 Qb6 8. O-O
cxd4 9. cxd4 Nxd4 10. Nxd4 Qxd4 11. Nf3 Qb6 12. Qa4 Be7 13. Qg4 Bf8 14. Be3
Qxb2 15. Qf4 g6 16. Ng5 f5 17. Nxe6 Qxe5 18. Nc7+ Kf7 19. Nxa8 Qxf4 20. Bxf4
Nc5 21. Rfd1 Bg7 22. Rac1 b6 23. Nc7 Be6 24. Bf1 1-0

[Event "22ème Open de Saint-Affrique"]
[Site "Saint Affrique (12)"]
[Date "2014.07.19"]
[Round "1.6"]
[White "Blanchon, Pascal"]
[Black "Milchev, Nikolay"]
[Result "0-1"]
[WhiteElo "1637"]
[BlackElo "2424"]
[PlyCount "54"]
[EventDate "2014.??.??"]
[Source "Sylvain Rivier"]
[SourceDate "2014.07.26"]

1. e4 c5 2. Nf3 d6 3. d4 cxd4 4. Nxd4 Nf6 5. Nc3 g6 6. Be2 Bg7 7. Be3 O-O 8.
O-O Nc6 9. Qd2 a6 10. f4 Bd7 11. Kh1 Rc8 12. Nxc6 Bxc6 13. Bd3 b5 14. a3 d5 15.
exd5 Nxd5 16. Nd1 Nxe3 17. Qxe3 e6 18. Rb1 Qd5 19. Qg3 Qa2 20. c3 Rfd8 21. Nf2
a5 22. Qe3 b4 23. axb4 axb4 24. cxb4 Bd4 25. Qe2 Bxf2 26. Rxf2 Bb5 27. Rd1 Bxd3
0-1

[Event "22ème Open de Saint-Affrique"]
[Site "Saint Affrique (12)"]
[Date "2014.07.19"]
[Round "1.7"]
[White "Petrossian, Armen"]
[Black "Bernard, Anthony"]
[Result "1-0"]
[WhiteElo "2380"]
[BlackElo "1636"]
[PlyCount "55"]
[EventDate "2014.??.??"]
[Source "Sylvain Rivier"]
[SourceDate "2014.07.26"]

1. e4 e5 2. Nf3 Nc6 3. Bb5 a6 4. Ba4 Nf6 5. O-O Nxe4 6. d4 exd4 7. Re1 d5 8.
Nxd4 Bd6 9. g3 Qf6 10. f3 Bc5 11. Bxc6+ bxc6 12. Be3 O-O 13. fxe4 Re8 14. Nc3
dxe4 15. Qd2 Bg4 16. Qf2 Qxf2+ 17. Bxf2 Bxd4 18. Bxd4 Bf3 19. Na4 f5 20. Nc5
Re7 21. a4 Rd8 22. c3 a5 23. Rab1 Rb8 24. b4 Ra8 25. bxa5 Rxa5 26. Rb8+ Kf7 27.
Rh8 h6 28. Rb1 1-0

[Event "22ème Open de Saint-Affrique"]
[Site "Saint Affrique (12)"]
[Date "2014.07.19"]
[Round "1.9"]
[White "Oganisian, Roman"]
[Black "Esclafit, Pierre"]
[Result "1-0"]
[WhiteElo "2245"]
[BlackElo "1629"]
[PlyCount "30"]
[EventDate "2014.??.??"]
[Source "Sylvain Rivier"]
[SourceDate "2014.07.26"]

1. e4 e6 2. d4 d5 3. Nc3 Nf6 4. Bg5 Be7 5. e5 Nfd7 6. h4 c5 7. Bxe7 Qxe7 8. Nb5
Kd8 9. f4 cxd4 10. Qd2 Nc6 11. Nf3 f6 12. exf6 gxf6 13. Nfxd4 Nb6 14. O-O-O e5
15. fxe5 fxe5 {suite illisible} 1-0

[Event "22ème Open de Saint-Affrique"]
[Site "Saint Affrique (12)"]
[Date "2014.07.19"]
[Round "1.10"]
[White "Del Valle, Clemence"]
[Black "Benmesbah, Natacha"]
[Result "0-1"]
[WhiteElo "1627"]
[BlackElo "2224"]
[PlyCount "68"]
[EventDate "2014.??.??"]
[Source "Sylvain Rivier"]
[SourceDate "2014.07.26"]

1. e4 c5 2. Nf3 Nc6 3. c3 d5 4. exd5 Qxd5 5. d4 Bf5 6. Be2 Bxb1 7. Rxb1 cxd4 8.
cxd4 e6 9. O-O Nf6 10. Qa4 Be7 11. Rd1 O-O 12. Bc4 Qf5 13. Bg5 Rfd8 14. Bb5 Nb4
15. Bxf6 Qxf6 16. Ne5 a6 17. Be2 Nd5 18. Rbc1 Bd6 19. Ng4 Qg5 20. Qb3 Bf4 21.
Rc4 b6 22. Rc6 h5 23. Ne5 Bxe5 24. dxe5 Qxe5 25. Bf3 b5 26. Rc5 Rac8 27. Rxc8
Rxc8 28. g3 Rc4 29. Bxd5 exd5 30. Qf3 Qxb2 31. Qxd5 Qf6 32. Qxh5 Rc2 33. f3
Rxa2 34. Rc1 Ra1 0-1

[Event "22ème Open de Saint-Affrique"]
[Site "Saint Affrique (12)"]
[Date "2014.07.19"]
[Round "1.11"]
[White "Daurelle, Herve"]
[Black "Grosse, Tomas"]
[Result "1-0"]
[WhiteElo "2189"]
[BlackElo "1627"]
[PlyCount "63"]
[EventDate "2014.??.??"]
[Source "Sylvain Rivier"]
[SourceDate "2014.07.26"]

1. e4 c5 2. Nf3 d6 3. d4 cxd4 4. Nxd4 Nf6 5. Nc3 g6 6. Be3 Bg7 7. f3 Nc6 8. Qd2
O-O 9. O-O-O Bd7 10. g4 Nxd4 11. Bxd4 Qa5 12. Kb1 Rac8 13. Nd5 Qxd2 14. Nxe7+
Kh8 15. Rxd2 Rce8 16. Nd5 Nxd5 17. Bxg7+ Kxg7 18. Rxd5 Re6 19. Bb5 Bc6 20. Bxc6
bxc6 21. Ra5 Rf6 22. Rxa7 Rxf3 23. Rd7 Rf6 24. Rd1 Re8 25. g5 Rfe6 26. b3 Rxe4
27. R1xd6 c5 28. a4 c4 29. Kb2 cxb3 30. cxb3 R4e5 31. Rf6 Rf5 32. Rdxf7+ 1-0

[Event "22ème Open de Saint-Affrique"]
[Site "Saint Affrique (12)"]
[Date "2014.07.19"]
[Round "1.12"]
[White "Meyer, Eric"]
[Black "Sanchez, Nicolas"]
[Result "0-1"]
[WhiteElo "1622"]
[BlackElo "2178"]
[PlyCount "122"]
[EventDate "2014.??.??"]
[Source "Sylvain Rivier"]
[SourceDate "2014.07.26"]

1. d4 Nf6 2. c4 g6 3. Nc3 Bg7 4. e4 d6 5. Be2 O-O 6. Nf3 Nbd7 7. h3 e5 8. dxe5
dxe5 9. Be3 c6 10. Qc2 Qe7 11. O-O Nh5 12. Bg5 Bf6 13. Bxf6 Qxf6 14. b4 Re8 15.
Rad1 Nf8 16. c5 Nf4 17. Rd6 Be6 18. Rfd1 h5 19. h4 Nh7 20. Bf1 g5 21. g3 Ng6
22. Nxg5 Nxg5 23. hxg5 Qxg5 24. Qd2 Qxd2 25. R1xd2 h4 26. gxh4 Nxh4 27. R2d3
Ng6 28. Rg3 Kf8 29. a3 Ke7 30. b5 cxb5 31. Nxb5 Rec8 32. Rxe6+ Kxe6 33. Bh3+
Ke7 34. Bxc8 Rxc8 35. Rc3 Nf4 36. Kf1 a6 37. Nd6 Rc7 38. Nf5+ Kd7 39. Ne3 Ne6
40. Rd3+ Kc8 41. Nd5 Rxc5 42. Rd1 Ng5 43. Nf6 Rc4 44. Re1 Kc7 45. Nd5+ Kd6 46.
Nf6 Ke6 47. Nh5 Nxe4 48. Ng7+ Kf6 49. Nh5+ Kg6 50. Ng3 Nxg3+ 51. fxg3 Kf5 52.
Re3 Rc2 53. Rf3+ Ke6 54. Kg1 f5 55. Kf1 b5 56. Ke1 e4 57. Rb3 Kd5 58. Kd1 Rf2
59. Ke1 Rf3 60. Rxf3 exf3 61. Kf2 Ke4 0-1

[Event "22ème Open de Saint-Affrique"]
[Site "Saint Affrique (12)"]
[Date "2014.07.19"]
[Round "1.13"]
[White "Mania, Clement"]
[Black "Leblic, Pierre"]
[Result "1-0"]
[WhiteElo "2177"]
[BlackElo "1620"]
[PlyCount "47"]
[EventDate "2014.??.??"]
[Source "Sylvain Rivier"]
[SourceDate "2014.07.26"]

1. g3 d5 2. Bg2 Nf6 3. d3 e5 4. Nd2 Bc5 5. e3 Bg4 6. Ne2 c6 7. a3 Nbd7 8. O-O
Bb6 9. h3 Bh5 10. Nf3 e4 11. Nh4 Bxe2 12. Qxe2 g6 13. b3 Bc7 14. Bb2 O-O 15.
Rad1 Qe7 16. dxe4 Nxe4 17. c4 Ndf6 18. cxd5 Nxd5 19. Qg4 Nef6 20. Qg5 Rad8 21.
e4 Nh5 22. Rxd5 f6 23. Nf5 fxg5 24. Nh6# 1-0

[Event "22ème Open de Saint-Affrique"]
[Site "Saint Affrique (12)"]
[Date "2014.07.19"]
[Round "1.14"]
[White "Soissong, Elzbieta"]
[Black "Carre, Sylvain"]
[Result "0-1"]
[WhiteElo "1620"]
[BlackElo "2172"]
[PlyCount "84"]
[EventDate "2014.??.??"]
[Source "Sylvain Rivier"]
[SourceDate "2014.07.26"]

1. d4 d5 2. Nf3 Nf6 3. e3 c6 4. c4 e6 5. Nc3 Nbd7 6. Qb3 Qb6 7. c5 Qc7 8. Be2
Be7 9. O-O O-O 10. Qd1 a5 11. b3 e5 12. Bb2 e4 13. Ne5 Nxe5 14. dxe5 Qxe5 15.
Na4 Qg5 16. f4 Qh4 17. Qd4 Bg4 18. Rae1 Bxe2 19. Rxe2 Qg4 20. Rc2 Nd7 21. Qd1
Qxd1 22. Rxd1 Bf6 23. Bxf6 Nxf6 24. Nb6 Rad8 25. Rd4 Nd7 26. Ra4 Nxb6 27. cxb6
Ra8 28. Rc5 Ra6 29. Rcxa5 Rxb6 30. b4 g6 31. a3 Kg7 32. Ra7 Rd8 33. Kf2 h5 34.
R4a5 Kf6 35. Rc5 Ke6 36. Ke2 Kd6 37. Kd2 Kc7 38. Kc3 f6 39. a4 Re8 40. b5 Kd8
41. Ra5 g5 42. Kd4 {suite illisible} cxb5 0-1

[Event "22ème Open de Saint-Affrique"]
[Site "Saint Affrique (12)"]
[Date "2014.07.19"]
[Round "1.15"]
[White "Roubaud, Alexandre"]
[Black "Pottier, Simeon"]
[Result "1-0"]
[WhiteElo "2171"]
[BlackElo "1619"]
[PlyCount "99"]
[EventDate "2014.??.??"]
[Source "Sylvain Rivier"]
[SourceDate "2014.07.26"]

1. e4 d6 2. d4 Nf6 3. Nc3 g6 4. Be2 Bg7 5. Be3 O-O 6. g4 c5 7. g5 Nfd7 8. h4
Nc6 9. d5 Nd4 10. Qd2 Nxe2 11. Qxe2 Qb6 12. Nd1 Ne5 13. Bd2 Bd7 14. Rc1 Bb5 15.
c4 Bxc4 16. Rxc4 Nxc4 17. Qxc4 Bxb2 18. Nxb2 Qxb2 19. Ne2 Qb1+ 20. Nc1 b5 21.
Qe2 c4 22. O-O Qb2 23. Qe1 Qa3 24. Kg2 a5 25. f4 b4 26. Rf3 Qb2 27. Rf2 Qd4 28.
Qe3 Qxe3 29. Bxe3 a4 30. Bd4 b3 31. a3 Rfc8 32. Ne2 Rcb8 33. Bb2 e6 34. Nc3 Rc8
35. Rd2 Ra6 36. Kf3 Kf8 37. Rh2 Ra5 38. h5 exd5 39. hxg6 fxg6 40. exd5 Kg8 41.
Ne4 c3 42. Bxc3 Rxc3+ 43. Nxc3 Rc5 44. Nxa4 Rc2 45. Re2 Ra2 46. Re3 Rxa3 47.
Nc3 Kf8 48. Nb5 Ra1 49. Rxb3 Rh1 50. Nd4 1-0

[Event "22ème Open de Saint-Affrique"]
[Site "Saint Affrique (12)"]
[Date "2014.07.19"]
[Round "1.16"]
[White "Casasnovas, Vincent"]
[Black "Youssoupov, Moisse"]
[Result "0-1"]
[WhiteElo "1562"]
[BlackElo "2169"]
[PlyCount "74"]
[EventDate "2014.??.??"]
[Source "Sylvain Rivier"]
[SourceDate "2014.07.26"]

1. d4 Nf6 2. Nf3 c5 3. d5 g6 4. c4 Bg7 5. Nc3 e6 6. d6 O-O 7. e4 Nc6 8. Bg5 h6
9. Be3 Qa5 10. Qd2 Nb4 11. a3 Nxe4 12. Nxe4 Nc2+ 13. Kd1 Qxd2+ 14. Nfxd2 Nxa1
15. Kc1 f5 16. Nxc5 f4 17. Bxf4 Rxf4 18. Nce4 Rxe4 19. Nxe4 Nb3+ 20. Kb1 b6 21.
Ka2 Nc5 22. Nd2 Ba6 23. b4 Na4 24. Bd3 Rf8 25. f3 Rf4 26. Be4 Nc3+ 27. Kb3 Nxe4
28. Nxe4 Bb7 29. Nf2 Rd4 30. Rd1 Kf7 31. Rxd4 Bxd4 32. Ne4 Bxe4 33. fxe4 e5 34.
a4 Ke6 35. a5 bxa5 36. c5 axb4 37. Kxb4 a5+ 0-1

[Event "22ème Open de Saint-Affrique"]
[Site "Saint Affrique (12)"]
[Date "2014.07.19"]
[Round "1.17"]
[White "Dussol, Pierre"]
[Black "Jackson, Edgar"]
[Result "1-0"]
[WhiteElo "2156"]
[BlackElo "1602"]
[PlyCount "40"]
[EventDate "2014.??.??"]
[Source "Sylvain Rivier"]
[SourceDate "2014.07.26"]

1. e4 c5 2. Nf3 Nf6 3. Nc3 d5 4. exd5 Nxd5 5. Bb5+ Bd7 6. Qe2 Nxc3 7. dxc3 a6
8. Bd3 e6 9. Bf4 Be7 10. O-O-O Nc6 11. Be4 Qa5 12. Kb1 Rd8 13. Rd2 f5 14. Bxc6
Bxc6 15. Qxe6 Rxd2 16. Nxd2 Bd7 17. Qe5 Kf7 18. Re1 Qd8 19. Qd5+ Kg6 20. Bc7
Qe8 1-0

[Event "22ème Open de Saint-Affrique"]
[Site "Saint Affrique (12)"]
[Date "2014.07.19"]
[Round "1.18"]
[White "Denechaud, Bernard"]
[Black "Meunier, Clement"]
[Result "0-1"]
[WhiteElo "1596"]
[BlackElo "2132"]
[PlyCount "60"]
[EventDate "2014.??.??"]
[Source "Sylvain Rivier"]
[SourceDate "2014.07.26"]

1. Nf3 Nf6 2. g3 b5 3. Bg2 Bb7 4. O-O c5 5. d4 e6 6. Na3 a6 7. c4 b4 8. Nc2 d5
9. Ne5 Bd6 10. e3 Qc7 11. cxd5 Bxe5 12. dxe6 Bxg2 13. exf7+ Qxf7 14. Kxg2 Qb7+
15. Kg1 Bd6 16. b3 Nbd7 17. Bb2 O-O 18. Qe2 cxd4 19. Nxd4 Ne5 20. Rfd1 Rae8 21.
Rac1 Bb8 22. f3 Ba7 23. e4 Nxe4 24. fxe4 Nf3+ 25. Kg2 Rxe4 26. Qc4+ Kh8 27. Qc6
Qxc6 28. Rxc6 Re2+ 29. Kh3 Rxh2+ 30. Kg4 h5# 0-1

[Event "22ème Open de Saint-Affrique"]
[Site "Saint Affrique (12)"]
[Date "2014.07.19"]
[Round "1.19"]
[White "Duff, Rufus"]
[Black "Raynal, Adrien"]
[Result "0-1"]
[WhiteElo "2113"]
[BlackElo "1591"]
[PlyCount "52"]
[EventDate "2014.??.??"]
[Source "Sylvain Rivier"]
[SourceDate "2014.07.26"]

1. e4 d5 2. exd5 Nf6 3. d4 Nxd5 4. Nf3 Bg4 5. c4 Nf6 6. Be2 e6 7. O-O c5 8. Qb3
Qc7 9. Bf4 Qxf4 10. Qxb7 Bd6 11. dxc5 Bxf3 12. Qc8+ Ke7 13. cxd6+ Qxd6 14. Qxh8
Nbd7 15. Qxg7 Bxe2 16. Re1 Rg8 17. Qh6 Ne5 18. Nd2 Neg4 19. c5 Qd4 20. Qh4 Qxd2
21. Qg3 Ne4 22. Qc7+ Kf6 23. c6 Ngxf2 24. Rxe2 Qxe2 25. Qf4+ Kg6 26. c7 Nh3+
0-1

[Event "22ème Open de Saint-Affrique"]
[Site "Saint Affrique (12)"]
[Date "2014.07.19"]
[Round "1.20"]
[White "Espiau Dubois, Louis"]
[Black "Ringuet, Noe"]
[Result "0-1"]
[WhiteElo "1577"]
[BlackElo "2070"]
[PlyCount "56"]
[EventDate "2014.??.??"]
[Source "Sylvain Rivier"]
[SourceDate "2014.07.26"]

1. e4 e5 2. Nf3 f5 3. exf5 e4 4. Nd4 Qf6 5. Ne2 d5 6. Ng3 Bxf5 7. Nc3 c6 8. b3
Bc5 9. Bb2 Bxf2+ 10. Kxf2 Bg4+ 11. Ke1 Bxd1 12. Nxd1 Qg5 13. Be2 Nf6 14. c4
Nbd7 15. Rf1 O-O 16. Rc1 Qh4 17. Rh1 Nc5 18. cxd5 Nd3+ 19. Bxd3 exd3 20. Bxf6
Rxf6 21. Ne3 Re8 22. dxc6 Rxc6 23. Rxc6 bxc6 24. Kf2 Qf4+ 25. Ke1 Rxe3+ 26.
dxe3 Qxe3+ 27. Kd1 Qf2 28. Re1 Qc2# 0-1

[Event "22ème Open de Saint-Affrique"]
[Site "Saint Affrique (12)"]
[Date "2014.07.19"]
[Round "1.21"]
[White "Clement, Olivier"]
[Black "Soblechero, Hugo"]
[Result "1-0"]
[WhiteElo "2051"]
[BlackElo "1575"]
[PlyCount "77"]
[EventDate "2014.??.??"]
[Source "Sylvain Rivier"]
[SourceDate "2014.07.26"]

1. e4 c5 2. Nf3 d6 3. d4 cxd4 4. Nxd4 Nf6 5. Nc3 g6 6. Be3 Bg7 7. f3 O-O 8. Bc4
Nc6 9. Qd2 Bd7 10. O-O-O Rc8 11. Bb3 Nxd4 12. Bxd4 b5 13. Bxa7 b4 14. Nd5 Nxd5
15. exd5 Qa5 16. Bd4 Rxc2+ 17. Bxc2 Qxa2 18. Qe3 Rc8 19. Kd2 Rxc2+ 20. Kxc2
Qc4+ 21. Kd2 Bxd4 22. Qd3 Qxd5 23. Qe4 Bc3+ 24. Kc1 Qa5 25. bxc3 bxc3 26. Rd5
Qa3+ 27. Kc2 Qb2+ 28. Kd3 c2 29. Qxe7 Be6 30. Rxd6 Bf5+ 31. Ke3 Qc3+ 32. Kf2
Qc5+ 33. Kg3 c1=Q 34. Rxc1 Qxc1 35. Rd8+ Kg7 36. Qf8+ Kf6 37. Qh8+ Kg5 38. Qe5
h5 39. f4+ 1-0

[Event "22ème Open de Saint-Affrique"]
[Site "Saint Affrique (12)"]
[Date "2014.07.19"]
[Round "1.22"]
[White "Lalot, Hugues"]
[Black "Julian, Stephane"]
[Result "1-0"]
[WhiteElo "1573"]
[BlackElo "2050"]
[PlyCount "112"]
[EventDate "2014.??.??"]
[Source "Sylvain Rivier"]
[SourceDate "2014.07.26"]

1. d4 d5 2. c4 c6 3. Nc3 Nf6 4. cxd5 cxd5 5. Bf4 g6 6. e3 Bg7 7. Nf3 O-O 8. Be2
Bg4 9. h3 Bf5 10. Qb3 Qb6 11. O-O Nc6 12. Na4 Qxb3 13. axb3 Rac8 14. Rfc1 Nd7
15. Nc5 Nxc5 16. Rxc5 Rfd8 17. g4 Be6 18. Ng5 a6 19. Rac1 Ra8 20. Nf3 f6 21.
Kg2 Bf7 22. g5 fxg5 23. Bxg5 Re8 24. Rd1 h6 25. Bf4 g5 26. Be5 Bf8 27. Rc3 e6
28. Nh2 Bg7 29. Bxg7 Kxg7 30. Ng4 Bh5 31. Bf3 Rac8 32. Rdc1 Bxg4 33. hxg4 Rcd8
34. Be2 Ra8 35. Bf3 Re7 36. Be2 Rf7 37. Rf1 Kf6 38. Rh1 Kg7 39. Rf1 Kf8 40. Rh1
Rf6 41. Kg3 Ke7 42. b4 Kd6 43. Rb3 Raf8 44. Rf1 b5 45. f3 R6f7 46. Ra1 Ra7 47.
Rh1 Rh8 48. Kf2 e5 49. dxe5+ Nxe5 50. Rd1 Ke6 51. Bd3 Nc4 52. Bf5+ Ke5 53. f4+
gxf4 54. exf4+ Kxf4 55. Rxd5 Rf8 56. Rf3+ Kg5 1-0

[Event "22ème Open de Saint-Affrique"]
[Site "Saint Affrique (12)"]
[Date "2014.07.19"]
[Round "1.24"]
[White "Degraeve, Thomas"]
[Black "Cazottes, Guillaume"]
[Result "1/2-1/2"]
[WhiteElo "1559"]
[BlackElo "2014"]
[PlyCount "136"]
[EventDate "2014.??.??"]
[Source "Sylvain Rivier"]
[SourceDate "2014.07.26"]

1. d4 Nf6 2. c4 c5 3. Nf3 e6 4. Nc3 a6 5. e3 Be7 6. Be2 O-O 7. O-O b6 8. b3 Bb7
9. Bb2 d6 10. dxc5 bxc5 11. Qc2 Nc6 12. a3 Rb8 13. Rfd1 Ba8 14. Rab1 Qc8 15.
Ba1 Rd8 16. Rd2 h6 17. h3 Na5 18. Rdd1 Ne8 19. Na4 Nc6 20. Rd2 Bf6 21. Bxf6
Nxf6 22. Rdd1 Qc7 23. Rd2 Na5 24. b4 cxb4 25. axb4 Be4 26. Bd3 Bxd3 27. Rxd3
Nxc4 28. Rc3 d5 29. Nd2 Rdc8 30. Nxc4 dxc4 31. Nc5 Nd5 32. Nxa6 Nxc3 33. Qxc3
Qb7 34. Nxb8 Qxb8 35. b5 Rc5 36. b6 Qb7 37. Qa3 Rc8 38. Qa7 Rb8 39. Rb4 c3 40.
Rc4 Qxb6 41. Qxb6 Rxb6 42. Rxc3 Kh7 43. Kh2 g5 44. g4 Kg6 45. Kg3 h5 46. gxh5+
Kxh5 47. Rc4 Rb1 48. Kg2 Rb5 49. Kg3 f5 50. Rc8 Rb4 51. Re8 Re4 52. Rf8 Kg6 53.
Kf3 Kg7 54. Re8 Kf6 55. Rf8+ Kg7 56. Re8 Kf7 57. Rh8 Ra4 58. Rh7+ Kg6 59. Re7
Kf6 60. Re8 Rh4 61. Kg3 e5 62. Rf8+ Ke6 63. Re8+ Kd5 64. Rg8 Rh5 65. f4 gxf4+
66. exf4 e4 67. Rg5 Rxg5+ 68. fxg5 Ke5 1/2-1/2

[Event "22ème Open de Saint-Affrique"]
[Site "Saint Affrique (12)"]
[Date "2014.07.19"]
[Round "1.25"]
[White "Noireaut, Hung"]
[Black "Brin-Vervat, Emma"]
[Result "1-0"]
[WhiteElo "2007"]
[BlackElo "1541"]
[PlyCount "45"]
[EventDate "2014.??.??"]
[Source "Sylvain Rivier"]
[SourceDate "2014.07.26"]

1. e4 e5 2. Nf3 Nc6 3. d4 exd4 4. Nxd4 Bc5 5. Be3 Bb4+ 6. c3 Be7 7. Bc4 Nf6 8.
Nd2 d5 9. exd5 Nxd5 10. Qh5 Nxd4 11. Bxd4 Be6 12. Bxg7 Rg8 13. Qxh7 f6 14.
O-O-O Bf8 15. Rhe1 Rxg7 16. Rxe6+ Re7 17. Qh5+ Kd7 18. Qxd5+ Kc8 19. Qxd8+ Kxd8
20. Ne4+ Ke8 21. Nxf6+ Kf7 22. Rxe7+ Kxe7 23. Nd5+ 1-0

[Event "22ème Open de Saint-Affrique"]
[Site "Saint Affrique (12)"]
[Date "2014.07.19"]
[Round "1.26"]
[White "Degraeve, Remy"]
[Black "Lopez, Andre"]
[Result "1-0"]
[WhiteElo "1537"]
[BlackElo "2003"]
[PlyCount "151"]
[EventDate "2014.??.??"]
[Source "Sylvain Rivier"]
[SourceDate "2014.07.26"]

1. e4 e5 2. Nf3 Nc6 3. Nc3 Nf6 4. d4 exd4 5. Nxd4 Bb4 6. Nxc6 bxc6 7. Bd3 d5 8.
exd5 cxd5 9. O-O O-O 10. h3 c6 11. Bf4 Re8 12. Qf3 Be6 13. Rfe1 d4 14. a3 Ba5
15. b4 dxc3 16. bxa5 Bd5 17. Rxe8+ Nxe8 18. Qh5 g6 19. Qe5 Qxa5 20. Bh6 Qc5 21.
Be3 Qd6 22. Bd4 Qxe5 23. Bxe5 f6 24. Bxc3 Kf7 25. Bb4 f5 26. Re1 Be6 27. Bc3
Nd6 28. Rb1 Bd5 29. Be5 Nc4 30. Bxc4 Bxc4 31. Rb7+ Ke6 32. Bd4 a6 33. Rxh7 Rd8
34. c3 Kd5 35. Rg7 Rd6 36. h4 Bd3 37. Kh2 f4 38. Re7 Re6 39. Rf7 Re4 40. a4 c5
41. f3 Re2 42. Rxf4 Ra2 43. Bf6 c4 44. Rg4 Rxa4 45. Rg5+ Ke6 46. Bd4 Ra2 47.
Bb6 Kf7 48. Ba5 Bf1 49. Bb4 Rc2 50. Kg1 Bd3 51. Ra5 Rc1+ 52. Kh2 Rc2 53. Ra1
Rb2 54. Kg1 Rb1+ 55. Rxb1 Bxb1 56. Kf2 Bd3 57. Kg3 Bf1 58. Kf2 Bd3 59. Ke3 Bf1
60. g4 Bd3 61. Kf4 Kf6 62. Ba5 Kf7 63. Bd8 Bc2 64. Kg5 Bd1 65. f4 Kg7 66. f5
gxf5 67. Kxf5 Bc2+ 68. Kf4 Bd1 69. h5 Kh6 70. Kg3 Bc2 71. Kh4 Kh7 72. g5 Bd1
73. g6+ Kh6 74. Bg5+ Kg7 75. Be7 a5 76. Kg5 1-0

[Event "22ème Open de Saint-Affrique"]
[Site "Saint Affrique (12)"]
[Date "2014.07.19"]
[Round "1.27"]
[White "Billiar-Bourgy, Vincent"]
[Black "Del Valle, Julie"]
[Result "1/2-1/2"]
[WhiteElo "1959"]
[BlackElo "1530"]
[PlyCount "86"]
[EventDate "2014.??.??"]
[Source "Sylvain Rivier"]
[SourceDate "2014.07.26"]

1. e4 c5 2. c3 d5 3. exd5 Qxd5 4. d4 Nf6 5. Nf3 Bg4 6. Be2 e6 7. O-O Be7 8. Na3
a6 9. h3 Bh5 10. g4 Bg6 11. Nc4 Nbd7 12. Nfe5 cxd4 13. cxd4 Rc8 14. Bg5 b5 15.
Nxd7 Nxd7 16. Bxe7 Kxe7 17. Ne3 Qd6 18. a4 b4 19. Bf3 Rhd8 20. Re1 Kf8 21. d5
Nf6 22. dxe6 Qxe6 23. Qe2 Bd3 24. Qd2 Qb3 25. Bd1 Ne4 26. Bxb3 Nxd2 27. Bd1 Be4
28. Be2 Nf3+ 29. Bxf3 Bxf3 30. Rac1 g6 31. Nc4 Bd5 32. Nb6 Rxc1 33. Rxc1 Bb3
34. Rc7 Rd1+ 35. Kg2 Ra1 36. Nd7+ Kg7 37. Nc5 Bxa4 38. Nxa6 Rb1 39. Nc5 Bd1 40.
g5 Kf8 41. Nd3 Bb3 42. Kf3 Rh1 43. Kg3 Rg1+ 1/2-1/2

[Event "22ème Open de Saint-Affrique"]
[Site "Saint Affrique (12)"]
[Date "2014.07.19"]
[Round "1.28"]
[White "Pont, Frederic"]
[Black "Herry, Serwan"]
[Result "0-1"]
[WhiteElo "1527"]
[BlackElo "1936"]
[PlyCount "116"]
[EventDate "2014.??.??"]
[Source "Sylvain Rivier"]
[SourceDate "2014.07.26"]

1. Nf3 Nf6 2. b3 g6 3. Bb2 Bg7 4. c4 d6 5. Nc3 O-O 6. e3 e5 7. d3 c6 8. Qc2
Nbd7 9. O-O-O Qc7 10. Ba3 a6 11. d4 e4 12. Ne5 c5 13. Nxd7 Bxd7 14. dxc5 dxc5
15. Nd5 Nxd5 16. Rxd5 b6 17. Be2 Bc6 18. Rd2 a5 19. g3 a4 20. Bb2 axb3 21. axb3
Bxb2+ 22. Qxb2 Ra7 23. Rhd1 Rfa8 24. Rc2 Ra1+ 25. Kd2 Qd7+ 26. Ke1 Rxd1+ 27.
Bxd1 Re8 28. h4 Qh3 29. Be2 Qh1+ 30. Bf1 Bd7 31. Rc1 Bh3 32. Qe2 Rd8 33. Ra1 h5
34. f3 exf3 35. Qf2 Re8 36. Kd2 Rd8+ 37. Kc3 Kg7 38. Re1 Bxf1 39. Rxf1 Qg2 40.
Qxg2 fxg2 41. Rg1 Kf6 42. Rxg2 Ke5 43. Rf2 f5 44. Rf4 Rd1 45. e4 fxe4 46. Rf8
Rd3+ 47. Kc2 Rxg3 48. Re8+ Kf4 49. Re6 e3 50. Rf6+ Ke4 51. Rxb6 Kf3 52. Rf6+
Ke2 53. b4 Rg4 54. Kb3 Kd3 55. bxc5 e2 56. Rd6+ Rd4 57. Re6 Re4 58. Rd6+ Ke3
0-1

[Event "22ème Open de Saint-Affrique"]
[Site "Saint Affrique (12)"]
[Date "2014.07.19"]
[Round "1.29"]
[White "Husson, Cybele"]
[Black "Caudrelier, Pierre"]
[Result "1-0"]
[WhiteElo "1919"]
[BlackElo "1510"]
[PlyCount "79"]
[EventDate "2014.??.??"]
[Source "Sylvain Rivier"]
[SourceDate "2014.07.26"]

1. e4 e5 2. Nf3 Nc6 3. Nc3 Nf6 4. d4 exd4 5. Nxd4 Be7 6. Bc4 O-O 7. O-O Ne5 8.
Be2 d6 9. f4 Ned7 10. Nf5 Nc5 11. Nxe7+ Qxe7 12. Bf3 Re8 13. Re1 c6 14. b3 Bf5
15. e5 dxe5 16. Rxe5 Be6 17. f5 Ncd7 18. Re3 Qc5 19. fxe6 Rxe6 20. Na4 Qe7 21.
Qe2 Rxe3 22. Qxe3 Re8 23. Qxe7 Rxe7 24. Bg5 h6 25. Bxf6 Nxf6 26. Nc5 Nd7 27.
Nxd7 Rxd7 28. Rd1 Rxd1+ 29. Bxd1 c5 30. Kf2 f5 31. Ke3 Kf7 32. Bf3 b6 33. Kd3
Ke6 34. Kc4 Kd6 35. Kb5 Kc7 36. a4 g6 37. a5 f4 38. Ka6 bxa5 39. Kxa5 h5 40.
Ka6 1-0